000 01876nam a2200253Ia 4500
008 260220t1999||||xx |||||||||||||| ||spa||
040 _aPY-SlUNAC
_bspa
_erda
041 _aspa
082 _a581.098 92
_bD363t
100 _aDegen, Rosa
_eAutor
245 0 _aTyphaceae /
_cpor Rosa Degen [Autor] y Fátima Mereles [Autor]
264 _aGinebra :
_bConservatoire et Jardin Botaniques de la Ville de,
_c℗1999.
300 _a1 volumen
520 _aEl libro "Typhaceae" de Rosa Degen, publicado por el Conservatoire et Jardin Botaniques de la Ville de Ginebra en 1999, ofrece un análisis exhaustivo sobre la familia de plantas acuáticas conocida como Typhaceae, comúnmente denominada juncos o espadañas. A través de una cuidadosa revisión taxonómica, se detallan las características morfológicas y ecológicas de las especies más representativas de esta familia, que juegan un papel crucial en los ecosistemas acuáticos. El texto destaca la importancia de estas plantas en la estabilización de los ecosistemas ribereños y en la provisión de hábitats para diversas especies faunísticas. Además, se aborda su distribución geográfica, sus adaptaciones a ambientes húmedos y su uso potencial en la restauración de hábitats degradados. Con ilustraciones y descripciones precisas, el libro se convierte en una referencia esencial para botánicos, ecólogos y conservacionistas interesados en la flora acuática y su conservación. Este estudio contribuye a una mejor comprensión de la biodiversidad y del papel de las Typhaceae en el medio ambiente.
653 _aBotánica
653 _aConservación de la naturaleza
653 _aPlantas
700 _aMereles, Fátima
_eAutor
942 _b2026/02/17
_cBK
999 _c8284
_d8284